Stationen von Zlatan Ibrahimović - Statistiken

Allgemein
  • Dieses Quiz wurde 267 mal gespielt
  • Das Durchschnittsergebnis liegt bei 9 aus 10
Antwortstatistiken
Hint Antwort % Korrekt
2010–2012 AC Mailand
95%
2020– AC Mailand
95%
2009–2010 FC Barcelona
91%
2006–2009 Inter Mailand
91%
2018–2019 LA Galaxy
91%
2012–2016 Paris Saint-Germain
91%
2016–2018 Manchester United
88%
2001–2004 Ajax Amsterdam
84%
1999–2001 Malmö FF
76%
2004–2006 Juventus Turin
68%
Keine übereinstimmenden Quizze gefunden
Verteilung der Resultate
Anzahl Personen mit jedem Resultat
Perzentil nach korrekt beantworteten Fragen
Ihre Resultats-Entwicklung
Sie haben dieses Quiz noch nicht gespielt